| 000 | 00000nas 2200000zi 4500 |
| 001 | 9.905341 |
| 003 | CaOODSP |
| 005 | 20230907083931 |
| 006 | m |o d f |
| 007 | cr cn||||||||| |
| 008 | 211125d20172021oncwr p oss f0###b0fre|d |
| 040 | |aCaOODSP|bfre|erda|cCaOODSP |
| 043 | |an-cn--- |
| 086 | 1 |aHP38-8F-PDF |
| 245 | 00|aRapport de virus des voies respiratoires. |
| 246 | 1 |iEn tête du titre: |aDétection de virus des voies respiratoires au Canada |fsemaine 35 se terminant le 2 septembre 2017 - semaine 9 se terminant le 29 février 2020 |
| 264 | 1|a[Ottawa] : |bAgence de santé publique du Canada = Public Health Agency of Canada, |c2017-2021. |
| 310 | |aHebdomadaire |
| 336 | |atexte|btxt|2rdacontent/fre |
| 337 | |ainformatique|bc|2rdamedia/fre |
| 338 | |aressource en ligne|bcr|2rdacarrier/fre |
| 362 | 1 |aParaît depuis : semaine 35 - se terminant le 2 septembre 2017; ne paraît plus après : semaine 34 - se terminant le 28 août 2021. |
| 500 | |aPublié aussi en anglais sous le titre : Respiratory virus report. |
| 500 | |aPublié aussi en format HTML. |
| 588 | |aDescription d'après : semaine 1 - se terminant le 4 janvier 2020. |
| 588 | |aDernière livraison consultée : semaine 34 - se terminant le 28 août 2021. |
| 650 | 6|aAppareil respiratoire|xInfections|xCanada|vPériodiques. |
| 655 | 7|aStatistiques|2rvmgf |
| 655 | 7|aPériodiques|2rvmgf |
| 710 | 2 |aAgence de santé publique du Canada, |eorganisme de publication. |
| 775 | 08|tRespiratory virus report.|w(CaOODSP)9.905335 |
| 785 | 00|tRapport de détection des virus respiratoires.|w(CaOODSP)9.902849 |
| 856 | 4 |qHTML|sS.O.|uhttps://www.canada.ca/fr/sante-publique/services/surveillance/detection-virus-voies-respiratoires-canada.html |